Rozpoznaj język na mapie świata #2 - Statystyki

Ogólne statystyki
  • Ten quiz został rozwiązany 2 110 razy
  • Średni wynik to 6 z 18
Odpowiedzi na mapie
Odpowiedzi zakodowano w zielono-czerwonej skali na mapie do tego quizu, zgodnie z poniższymi procentami.
 
Statystyki odpowiedzi
Odpowiedź % Poprawnych
Next week, I will play the accordion at the concert in Vienna.
90%
Příští týden budu hrát na akordeon na koncertě ve Vídni.
64%
Na próxima semana tocarei acordeão no concerto em Viena.
55%
Jövő héten a bécsi koncerten harmonikán fogok játszani.
49%
Nästa vecka ska jag spela dragspel på konserten i Wien.
47%
Tuần tới tôi sẽ chơi đàn accordion tại buổi hòa nhạc ở Vienna.
41%
Săptămâna viitoare voi cânta la acordeon la concertul de la Viena.
34%
Volgende week speel ek trekklavier by die konsert in Wene.
31%
Tin epómeni evdomáda tha paíxo akornteón sti synavlía sti Viénni.
28%
Yr wythnos nesaf byddaf yn chwarae'r acordion yn y cyngerdd yn Fienna.
27%
Arkō haptā ma bhiyanāmā kansarṭamā ēkarḍiyan bajā'unēchu.
20%
Amin'ny herinandro manaraka dia hilalao ni akorandriaka aho amin'ny kafampisehoana any Vienne.
19%
Hei te wiki e tu mai ne ka purei ahau i te accordion i te konohete i Vienna.
19%
Il-ġimgħa d-dieħla se ndoqq l-accordion fil-kunċert fi Vjenna.
19%
Toddobaadka soo socda waxaan ku ciyaari doonaa accordion riwaayadda bandhiga Vienna.
17%
Irekh doloo khonogt bi Vyena khotod bolokh kontsyertondoo bayan khuur toglono.
16%
Sa susunod na linggo ay tutugtog ako ng akurdyon sa konsiyerto sa Vienna.
16%
Vaccē vāraṁ nēnu viyannālō jarigē kacērīlō akārḍiyan vāyistānu..
15%
Nie znaleziono quizów pasujących do podanych kryteriów
Rozkład punktacji
Procent ludzi z każdym wynikiem
Percentyl według liczby udzielonych odpowiedzi
Twoja historia wyników
Nie rozwiązałeś tego quizu